[Event "Tourn. n9695"]
[Site "www.chess-mail.com"]
[Date "2018.03.11"]
[Round "1"]
[White "Osopanda"]
[Black "Libiesse"]
[WhiteElo "1800"]
[BlackElo "1830"]
[Result "0-1"]
[Round "1"]
1.e4 c5
2.Ng1f3 e6
3.d4 cxd4
4.Nf3xd4 Ng8f6
5.Nb1c3 Nb8c6
6.Bc1e3 a6
7.Bf1e2 Bf8e7
8.O-O d6
9.f4 Qd8c7
10.Be2f3 Bc8d7
11.Qd1e2 b5
12.Ra1d1 Ra8c8
13.e5 dxe5
14.fxe5 Qc7xe5
15.Nd4xc6 Bd7xc6
16.Bf3xc6 Rc8xc6
17.Be3d4 Qe5xe2
18.Nc3xe2 Rc6xc2
19.Rf1e1 O-O
20.Bd4c3 Be7c5
21.Kf1 Nf6d5
22.Ne2d4 Bc5xd4
23.Bc3xd4 Rc2c7
24.Rd1c1 Rf8c8
25.Rc1xc7 Rc8xc7
26.Re1e2 Kf8
27.Kf2 h5
28.Kg3 g6
29.Kh4 Rc7c4
30.Re2e4 Nd5e3
31.Kg5 Ne3f5
{ resign }
0-1

[Event "Tourn. n9737"]
[Site "www.chess-mail.com"]
[Date "2018.03.11"]
[Round "1"]
[White "Begory"]
[Black "Cal"]
[WhiteElo "1470"]
[BlackElo "1520"]
[Result "0-1"]
[Round "1"]
1.d4 d5
2.Bc1f4 h6
3.Nb1c3 e6
4.Nc3b5 Bf8d6
5.Bf4xd6 cxd6
6.Ng1f3 a6
7.Nb5c3 Ng8f6
8.e3 Nb8c6
9.Bf1d3 b5
 { time }
0-1

[Event "Tourn. n9709"]
[Site "www.chess-mail.com"]
[Date "2018.03.11"]
[Round "1"]
[White "Scasan55"]
[Black "Izastar"]
[WhiteElo "2010"]
[BlackElo "2049"]
[Result "1-0"]
[Round "1"]
1.e4 c5
2.Ng1f3 e6
3.d4 cxd4
4.Nf3xd4 Qd8b6
5.a3 Bf8c5
6.c3 Ng8f6
7.Qd1d3 O-O
8.b4 Bc5xd4
9.cxd4 Nb8c6
10.Bc1e3 Qb6c7
11.Bf1e2 b6
12.Nb1c3 a6
13.O-O  { time }
1-0

[Event "Tourn. n9762"]
[Site "www.chess-mail.com"]
[Date "2018.03.11"]
[Round "1"]
[White "Fegatux"]
[Black "Sefj"]
[WhiteElo "2099"]
[BlackElo "2060"]
[Result "1-0"]
[Round "1"]
1.d4 b5
2.Bc1f4 e6
3.Ng1f3 h6
4.e3 c6
5.Bf1d3 g5
6.Bf4g3 d6
7.Nb1d2 Bc8d7
8.h3 Qd8c7
9.c4 Bf8g7
10.O-O Ng8f6
11.Ra1c1 a6
12.a3 Bd7c8
13.cxb5 Bc8b7
14.bxc6 Nb8xc6
15.Nd2c4 Bg7f8
16.e4 Nf6d7
17.d5 e5
18.dxc6 Bb7xc6
19.Nc4a5 Qc7xa5
20.Rc1xc6 Nd7b8
21.Rc6c8 Kd7
22.Rc8c3 Bf8g7
23.b4 Qa5d8
24.Qd1a4 Ke7
25.Rf1c1 Ra8a7
26.Nf3d2 Qd8b6
27.Nd2c4 Qb6d4
28.Nc4e3 Ke6
29.Ne3f5 Kf6
30.Nf5xd4 exd4
31.Rc3c7 { resign }
1-0

[Event "Match"]
[Site "www.echecsemail.com"]
[Date "2018.03.11"]
[Round "1"]
[White "Gimmyg"]
[Black "Sefj"]
[WhiteElo "2540"]
[BlackElo "1809"]
[Result "1-0"]
[Round "1"]
1.b3 b6
2.Bc1b2 Bc8b7
3.Ng1f3 Ng8f6
4.c4 c5
5.e3 e6
6.Nb1c3 d5
7.cxd5 Nf6xd5
8.Bf1b5 Nb8c6
9.O-O f6
10.Nc3xd5 Qd8xd5
11.d4 O-O-O
12.dxc5 Bf8xc5
13.Qd1e2 Nc6e5
14.Bb2xe5 fxe5
15.Rf1d1 Qd5e4
16.Bb5d3 Qe4g4
17.Bd3a6 e4
18.Ba6xb7 Kxb7
19.Qe2c4 Rd8xd1
20.Ra1xd1 Rh8f8
21.Rd1d7 Kc8
22.Qc4b5 { resign }
1-0

[Event "Match"]
[Site "www.echecsemail.com"]
[Date "2018.03.11"]
[Round "1"]
[White "Sefj"]
[Black "Pellix84"]
[WhiteElo "2279"]
[BlackElo "2100"]
[Result "0-1"]
[Round "1"]
1.Ng1f3 d5
2.d4 Ng8f6
3.c4 e6
4.a3 b6
5.Nb1c3 Bc8b7
6.Nf3e5 h6
7.Qd1a4 c6
8.cxd5 exd5
9.f3 Bf8d6
10.Ne5d3 O-O
11.Qa4c2 Nb8d7
12.b4 Qd8c7
13.g3 Ra8e8
14.Bc1f4 Nf6h7
15.Bf4xd6 Qc7xd6
16.Nd3f4 Nh7g5
17.h4 Ng5xf3
18.Kf2 Nf3xd4
19.Qc2d1 c5
20.Bf1g2 Nd7f6
21.e3 Nd4f5
22.Nc3xd5 Nf6xd5
23.Bg2xd5 Bb7xd5
24.Qd1xd5 Qd6xd5
25.Nf4xd5 c4
26.g4 Nf5d6
27.Ra1d1 Nd6e4
28.Kf3 c3
29.Rd1c1 f5
30.Nd5f4 fxg4
31.Kxg4 Ne4f2
32.Kg3 Nf2xh1
33.Kg2 Re8xe3
{ resign }
0-1

[Event "Match"]
[Site "www.echecsemail.com"]
[Date "2018.03.11"]
[Round "1"]
[White "Cal"]
[Black "Sefj"]
[WhiteElo "1520"]
[BlackElo "1809"]
[Result "1-0"]
[Round "1"]
1.c4 f5
2.Ng1f3 Ng8f6
3.Nb1c3 c6
4.h3 d6
5.d4 Nb8d7
6.Bc1g5 h6
7.Bg5h4 g5
8.Bh4g3 f4
9.Bg3h2 Qd8c7
10.b4 Nd7b6
11.e3 fxe3
12.fxe3 a5
13.c5 Nb6d5
14.Nc3a4 Nd5xe3
15.Qd1d3 Ne3xf1
16.Rh1xf1 axb4
17.Na4b6 Ra8a3
18.Qd3g6 Kd8
19.Qg6f7 Nf6e4
20.d5 Ra3e3
21.Kd1 Ne4xc5
22.Nb6xc8 Qc7xc8
23.dxc6 Qc8xc6
24.Rf1f2 Qc6a4
25.Kd2 Qa4a3
26.Qf7c4 Nc5e4
27.Kd1 Ne4xf2
28.Kd2 Bf8g7
29.Ra1b1 Bg7c3
30.Kxe3 Qa3xa2
31.Qc4xa2 Nf2xh3
32.gxh3 Kc7
33.Qa2a5 b6
34.Qa5a7 Kc6
35.Rb1c1 Rh8f8
36.Qa7xe7 Rf8f6
37.Qe7xf6 Kb7
38.Rc1xc3 { resign }
1-0

[Event "Match"]
[Site "www.echecsemail.com"]
[Date "2018.03.11"]
[Round "1"]
[White "Mitja"]
[Black "Bojan"]
[WhiteElo "1970"]
[BlackElo "1930"]
[Result "1-0"]
[Round "1"]
1.d4 e6
2.e3 Ng8f6
3.c3 c5
4.dxc5 Bf8xc5
5.Nb1d2 d5
6.Nd2b3 Bc5d6
7.Ng1f3 a6
8.Bf1e2 Bc8d7
9.Nb3d4 e5
10.Nd4c2 Qd8b6
11.b3 Bd7e6
12.Bc1b2 Nb8d7
13.Nf3g5 Be6f5
14.Ng5f3 h6
15.Nf3h4 Bf5h7
16.Nh4f3 e4
17.Nf3d4 Nd7e5
18.O-O Nf6g4
19.h3 Ng4f6
20.f4 Ne5c6
21.Nd4xc6 bxc6
22.c4 Bd6c5
23.Nc2d4 a5
24.a4 Bh7g6
25.Bb2a3 Bc5xa3
26.Ra1xa3 Ra8d8
27.Ra3a2 dxc4
28.Qd1c1 cxb3
29.Ra2b2 Rd8xd4
30.exd4 Qb6xd4
31.Kh1 Qd4xa4
32.Qc1c5 Nf6d7
33.Qc5d6 Bg6f5
34.Rf1d1 Bf5e6
35.Be2g4 c5
36.Bg4xe6 fxe6
37.Qd6xe6 Kd8
38.Rb2d2 Kc8
39.Rd2xd7 Kb8
40.Qe6b6 { resign }
1-0

[Event "Match"]
[Site "www.echecsemail.com"]
[Date "2018.03.11"]
[Round "1"]
[White "Micheles"]
[Black "Sefj"]
[WhiteElo "2590"]
[BlackElo "1809"]
[Result "1-0"]
[Round "1"]
1.d4 b5
2.e4 c6
3.Ng1f3 d5
4.exd5 Qd8xd5
5.Bf1e2 h5
6.Nb1c3 Qd5f5
7.O-O h4
8.Be2d3 Qf5h5
9.Rf1e1 Ng8f6
10.Re1e5 Qh5g4
11.h3 Qg4d7
12.Bc1g5 Nf6g4
13.hxg4 f6
14.Bd3f5 Qd7c7
15.Bf5g6 Kd8
16.Bg5f4 fxe5
17.Nf3xe5 Qc7xe5
18.dxe5 Kc7
19.Nc3xb5 cxb5
20.e6 Kb6
21.Qd1d8 { resign }
1-0

[Event "Match"]
[Site "www.echecsemail.com"]
[Date "2018.03.11"]
[Round "1"]
[White "Gilliere"]
[Black "Caspito"]
[WhiteElo "2060"]
[BlackElo "1950"]
[Result "1-0"]
[Round "1"]
1.e4 e5
2.Ng1f3 Nb8c6
3.Bf1b5 a6
4.Bb5a4 b5
5.Ba4b3 Ng8h6
6.O-O Bf8c5
7.Nf3xe5 Nc6xe5
8.d4 Qd8h4
9.dxc5 O-O
10.Qd1d5 Nh6g4
11.h3 d6
12.hxg4 Ne5xg4
13.Bc1f4 Ra8a7
14.cxd6 Ng4f6
15.Bf4g5 Qh4xe4
16.Qd5c5 Bc8b7
17.f3 Qe4d5
18.Bb3xd5 { resign }
1-0

[Event "Match"]
[Site "www.echecsemail.com"]
[Date "2018.03.11"]
[Round "1"]
[White "Fangshuo"]
[Black "Sefj"]
[WhiteElo "2060"]
[BlackElo "2190"]
[Result "1-0"]
[Round "1"]
1.e4 e6
2.Ng1f3 c5
3.Bf1e2 g5
4.d3 h6
5.h4 gxh4
6.Rh1xh4 Bf8e7
7.Rh4h1 Nb8c6
8.Nb1c3 a6
9.Bc1e3 Qd8b6
10.Nc3a4 Qb6b4
11.c3 Qb4a5
12.d4 cxd4
13.Be3xd4 Nc6xd4
14.Qd1xd4 Be7f6
15.e5 Bf6d8
16.Nf3d2 b5
17.Be2f3 Ra8b8
18.Na4c5 Qa5b6
19.Nd2e4 Bd8c7
20.O-O-O Ng8e7
21.Ne4f6 Kd8
22.Nf6xd7 Qb6a7
23.Nd7f6 Ne7d5
24.Bf3xd5 Ke7
25.Bd5f3 Rh8d8
26.Qd4h4 Rd8xd1
27.Rh1xd1 Bc7xe5
28.Nf6g8 Kf8
29.Rd1d8 { resign }
1-0

[Event "Match"]
[Site "www.echecsemail.com"]
[Date "2018.03.11"]
[Round "1"]
[White "Caroluigi"]
[Black "Sefj"]
[WhiteElo "1870"]
[BlackElo "2140"]
[Result "1-0"]
[Round "1"]
1.d4 Ng8f6
2.c4 e6
3.Ng1f3 Nf6e4
4.a3 b6
5.Nb1c3 Ne4xc3
6.bxc3 Bc8b7
7.e3 c5
8.Bf1e2 Bf8d6
9.d5 Qd8c7
10.e4 h6
11.h4 exd5
12.cxd5 Bd6f4
13.Bc1xf4 Qc7xf4
14.Qd1c2 O-O
15.O-O d6
16.Be2b5 a6
17.Bb5d3 Nb8d7
18.Rf1e1 g6
19.Qc2d2 Qf4xd2
20.Nf3xd2 Nd7e5
21.Bd3e2 b5
22.f4 Ne5d7
23.Ra1b1 c4
24.Be2xc4 bxc4
25.Rb1xb7 Nd7c5
26.Rb7c7 Ra8b8
27.Nd2xc4 Rb8b3
28.Nc4xd6 Nc5d3
29.Re1f1 Rb3xa3
30.e5 Ra3a5
31.c4 Ra5a4
32.g3 a5
33.Rc7b7 Nd3c5
34.Rb7b5 Nc5d3
35.c5 Ra4a2
36.c6 a4
37.c7 a3
38.Rb5b8 Ra2c2
39.Rb8xf8 Kxf8
40.c8Q Rc2xc8
41.Nd6xc8 { resign }
1-0

[Event "Match"]
[Site "www.echecsemail.com"]
[Date "2018.03.11"]
[Round "1"]
[White "Sefj"]
[Black "Liencam2"]
[WhiteElo "1809"]
[BlackElo "2280"]
[Result "0-1"]
[Round "1"]
1.d4 Ng8f6
2.c4 g6
3.Nb1c3 Bf8g7
4.Ng1f3 d6
5.b4 c6
6.Bc1b2 O-O
7.e3 Nb8d7
8.Bf1d3 e5
9.Nc3e4 Nf6xe4
10.Bd3xe4 Nd7f6
11.Be4d3 e4
12.Bd3xe4 Nf6xe4
13.Qd1b3 Bc8g4
14.Nf3g1 Qd8h4
15.g3 Qh4f6
16.f4 Ra8d8
17.h3 Ne4xg3
18.d5 Qf6xb2
19.Qb3xb2 Bg7xb2
{ resign }
0-1

[Event "Match"]
[Site "www.echecsemail.com"]
[Date "2018.03.11"]
[Round "1"]
[White "Cal"]
[Black "Sonny1000"]
[WhiteElo "1510"]
[BlackElo "1530"]
[Result "1-0"]
[Round "1"]
1.e4 e5
2.a3 Nb8c6
3.Nb1c3 Bf8c5
4.Ng1f3 f6
5.d3 g5
6.h3 h5
7.Nc3a4 Bc5e7
8.b4 h4
9.c3 b5
10.Na4b2 Bc8a6
11.d4 d6
12.Bf1d3 Ng8h6
13.O-O g4
14.Nf3xh4 Nh6f7
15.Nh4f5 gxh3
16.g3 h2
17.Kh1 Be7f8
18.d5 Rh8h7
19.f4 Rh7h3
20.Qd1g4 Rh3h7
21.fxe5 dxe5
22.dxc6 Rh7h8
23.Qg4g6 Ra8c8
24.Nf5g7 Ke7
25.Qg6xf6 { resign }
1-0

[Event "1/128 Finale"]
[Site "www.chess-mail.com"]
[Date "2018.03.11"]
[Round "1"]
[White "Begory"]
[Black "Odd"]
[WhiteElo "1510"]
[BlackElo "1809"]
[Result "1-0"]
[Round "1"]
1.d4 Ng8f6
2.Bc1f4 e6
3.Nb1c3 b6
4.Nc3b5 d6
5.Ng1f3 Bc8d7
6.e3 Nf6d5
7.Bf4g3 a6
8.Nb5a3 Nb8c6
9.Bf1c4 Nd5f6
10.O-O Nf6e4
11.d5 Ne4xg3
12.hxg3 Nc6e7
13.dxe6 fxe6
14.Nf3g5 d5
15.Bc4d3 Ne7c6
16.Ng5h3 g6
17.Rf1e1 Bf8g7
18.e4 Bg7xb2
19.Ra1b1 Bb2xa3
20.exd5 Nc6d4
21.Bd3xg6 hxg6
22.Qd1xd4 Qd8e7
23.Qd4xh8 Qe7f8
24.Qh8xf8 Ba3xf8
25.dxe6 Bd7a4
26.c3 Ba4c2
27.Rb1b2 Bc2d3
28.Nh3f4 Bd3f5
29.f3 Bf8c5
30.Kh1 O-O-O
31.g4 Rd8h8
32.Nf4h3 Bf5d3
33.Kh2 Kd8
34.Rb2d2 Bc5d6
35.g3 Bd3c4
36.Kg2 Ke7
37.Nh3f4 Rh8g8
38.Nf4d5 Bc4xd5
39.Rd2xd5 c6
40.Rd5d3 Rg8d8
41.f4 b5
42.f5 a5
43.fxg6 Rd8g8
44.Rd3f3 Rg8xg6
45.Rf3f7 Kd8
46.e7  { time }
1-0

[Event "1/16 Finale"]
[Site "www.chess-mail.com"]
[Date "2018.03.11"]
[Round "1"]
[White "Bevittsmith"]
[Black "Hennie4820"]
[WhiteElo "2210"]
[BlackElo "2050"]
[Result "1-0"]
[Round "1"]
1.e4 c5
2.Ng1f3 e6
3.d4 cxd4
4.Nf3xd4 Ng8f6
5.Nb1c3 d6
6.Bc1e3 a6
7.f3 Bf8e7
8.Qd1d2 O-O
9.O-O-O Qd8c7
10.g4 Nb8c6
11.g5 Nf6d7
12.Nd4xc6 bxc6
13.f4 a5
14.f5 exf5
15.exf5 Nd7e5
16.f6 gxf6
17.gxf6 Be7xf6
18.Nc3e4 Bf6e7
19.Be3h6 Rf8d8
20.Rh1g1 Ne5g6
21.Qd2d4 f6
22.Ne4xf6 Be7xf6
23.Qd4xf6 Qc7f7
24.Qf6xd8 { resign }
1-0

[Event "Fast Game"]
[Site "www.echecsemail.com"]
[Date "2018.03.11"]
[Round "1"]
[White "Fabos12"]
[Black "Sefj"]
[WhiteElo "1780"]
[BlackElo "1769"]
[Result "0-1"]
[Round "1"]
1.d4 Ng8f6
2.c4 c5
3.d5 e5
4.Bc1g5 h6
5.Bg5h4 g5
6.Bh4g3 d6
7.Nb1c3 Nb8a6
8.a3 Bc8d7
9.e4 Qd8b6
10.Qd1d2 Bf8g7
 { time }
0-1

[Event "Fast Game"]
[Site "www.echecsemail.com"]
[Date "2018.03.11"]
[Round "1"]
[White "Sefj"]
[Black "Fegatux"]
[WhiteElo "1649"]
[BlackElo "1599"]
[Result "0-1"]
[Round "1"]
1.Ng1f3 Ng8f6
2.c4 d6
3.d4 Nb8d7
4.Nb1c3 g6
5.e4 Bf8g7
6.b4 O-O
7.Bc1b2 b6
8.a3 c5
9.Qd1d2 cxd4
10.Nf3xd4 Bc8b7
11.Bf1d3 Nd7e5
12.O-O-O Ra8c8
13.Qd2e2 a5
14.b5 Qd8c7
15.Qe2c2 Ne5xc4
16.Bd3xc4 Qc7xc4
17.f3 Nf6d7
18.Nd4e2 Nd7c5
19.Kd2 d5
20.Bb2c1 dxe4
21.Ke1 exf3
22.gxf3 Bb7xf3
23.Rh1f1 Qc4h4
24.Rf1f2 Nc5e4
25.Bc1e3 Ne4xc3
26.Rd1c1 Bf3xe2
27.Be3d2 Be2xb5
28.Bd2xc3 Rc8xc3
29.Qc2xc3 Bg7xc3
30.Rc1xc3 Qh4e4
31.Kd1 Qe4d4
32.Rf2d2 Qd4xc3
33.Ke1 Rf8d8
34.Kf2 Rd8xd2
35.Kg1 Qc3c1
{ resign }
0-1

[Event "Fast Game"]
[Site "www.echecsemail.com"]
[Date "2018.03.11"]
[Round "1"]
[White "Pforjan"]
[Black "Pellix84"]
[WhiteElo "1599"]
[BlackElo "1570"]
[Result "1-0"]
[Round "1"]
1.b3 Ng8f6
2.Bc1b2 e6
3.e3 Bf8e7
4.f4 b6
5.Ng1f3 Bc8b7
6.Bf1e2 O-O
7.O-O c5
8.d3 d5
9.Nf3e5 d4
10.e4 Nb8c6
11.Ne5xc6 Bb7xc6
12.Nb1d2 Qd8c7
13.Qd1e1 Be7d6
14.e5 Bd6xe5
15.fxe5 Qc7xe5
16.Be2f3 Qe5c7
17.Bf3xc6 Qc7xc6
18.Qe1h4 Nf6d5
19.Nd2f3 Nd5e3
20.Rf1f2 h6
21.Nf3xd4 cxd4
22.Qh4xd4 { resign }
1-0

[Event "Tourn. n9690"]
[Site "www.chess-mail.com"]
[Date "2018.03.12"]
[Round "1"]
[White "Bojan"]
[Black "Ff333"]
[WhiteElo "1980"]
[BlackElo "1990"]
[Result "0-1"]
[Round "1"]
1.e4 e5
2.Ng1f3 Nb8c6
3.c3 Ng8f6
4.Qd1c2 Bf8c5
5.h3 O-O
6.d3 h6
7.b4 Bc5b6
8.Nb1d2 Qd8e7
9.a4 a6
10.Nd2c4 Bb6a7
11.Bc1a3 b5
12.Nc4b2 d6
13.Bf1e2 Nf6h5
14.Nf3h2 Qe7g5
15.Be2f3 Nh5f4
16.Nh2g4 h5
17.Ng4e3 Ba7xe3
18.fxe3 Nf4e6
19.Qc2e2 g6
20.g4 Qg5h4
21.Kd2 Ne6g7
22.Ra1g1 hxg4
23.hxg4 Qh4e7
24.Qe2h2 f6
25.Qh2h7 Kf7
26.Rh1h6 g5
27.Qh7g6 Ke6
28.Qg6xg5 Qe7f7
29.Qg5h4 Ke7
30.g5 f5
31.c4 f4
32.Rh6f6 fxe3
33.Kxe3 Qf7g8
34.Bf3d1 Qg8h8
35.Qh4f2 Bc8e6
36.Qf2f3 Nc6d4
37.Qf3g2 Qh8h3
38.Qg2xh3 Be6xh3
39.Rg1h1 Bh3d7
40.Rh1h7 Nd4e6
41.Bd1g4 Rf8xf6
42.Bg4xe6 Rf6xe6
43.Rh7xg7 Kd8
44.cxb5 Bd7e8
45.bxa6 Ra8xa6
46.b5 Be8xb5
47.d4 exd4
48.Kxd4 Bb5xa4
49.Nb2c4 Ba4c2
50.Kd5 Re6xe4
51.Ba3b2 Bc2d3
52.Nc4d2 Ra6a5
53.Kc6 Ra5c5
{ resign }
0-1

[Event "Tourn. n9718"]
[Site "www.chess-mail.com"]
[Date "2018.03.12"]
[Round "1"]
[White "Malbertan"]
[Black "Wegaman"]
[WhiteElo "1920"]
[BlackElo "2040"]
[Result "1-0"]
[Round "1"]
1.e4 e6
2.d4 d5
3.Nb1c3 Bf8b4
4.e5 c5
5.a3 Bb4xc3
6.bxc3 cxd4
7.Qd1g4 Ng8e7
8.Qg4xg7 Rh8g8
9.Qg7xh7 Qd8c7
10.Bf1b5 Bc8d7
11.Bb5xd7 Nb8xd7
12.Ng1e2 dxc3
13.Bc1f4 Nd7xe5
14.Qh7h4 Ne7f5
15.Qh4f6 Ne5d7
16.Qf6xf7 Kxf7
17.Bf4xc7 Ra8c8
18.Bc7g3 d4
19.O-O b6
20.Ra1d1 e5
21.Rf1e1 Rc8c5
22.Ne2c1 Rc5a5
23.Nc1b3 Ra5xa3
24.Bg3xe5 Nd7xe5
25.Re1xe5 Kf6
26.Re5d5 Ra3a2
27.Kf1 Ra2xc2
28.Rd5xf5 Kxf5
29.Nb3xd4 Ke5
30.Nd4xc2 Rg8g7
31.Nc2e3 Rg7c7
32.Ke2 c2
33.Rd1c1 { resign }
1-0

[Event "Tourn. n9713"]
[Site "www.chess-mail.com"]
[Date "2018.03.12"]
[Round "1"]
[White "Osopanda"]
[Black "Aljekiene"]
[WhiteElo "1890"]
[BlackElo "2059"]
[Result "1-0"]
[Round "1"]
1.e4 c5
2.Ng1f3 d6
3.d4 cxd4
4.Nf3xd4 Ng8f6
5.Nb1c3 g6
6.Bf1c4 Bf8g7
7.O-O O-O
8.f3 Nb8c6
9.Bc1e3 a6
10.Nd4xc6 bxc6
11.Qd1d2 Bc8e6
12.Bc4xe6 fxe6
13.Ra1d1 Ra8b8
14.Be3h6 Bg7xh6
15.Qd2xh6 Rb8xb2
16.g4 Rb2xc2
17.Rd1d3  { time }
1-0

[Event "Tourn. n9750"]
[Site "www.chess-mail.com"]
[Date "2018.03.12"]
[Round "1"]
[White "Apdash"]
[Black "Sefj"]
[WhiteElo "2200"]
[BlackElo "2279"]
[Result "1-0"]
[Round "1"]
1.e4 c5
2.Nb1c3 g6
3.Ng1f3 Bf8g7
4.d4 cxd4
5.Nf3xd4 Nb8c6
6.Bc1e3 a6
7.Nc3d5 Nc6xd4
8.Be3xd4 Qd8a5
9.c3 Bg7xd4
10.Qd1xd4 f6
11.Qd4c4 Kd8
12.b4 Qa5a3
13.Qc4c7 Ke8
14.Nd5b6 e6
15.Nb6xa8 Ng8e7
16.Na8b6 Kf7
17.Bf1e2 Qa3b2
18.Ra1d1 Qb2xa2
19.Nb6xd7 Qa2c2
20.Be2d3 Qc2a4
21.Nd7b6 Qa4b3
22.O-O Qb3b2
23.f4 h5
24.Rf1f2 Qb2a3
25.Rf2d2 g5
26.Bd3e2 g4
27.Rd2d8 Rh8xd8
28.Rd1xd8 Qa3c1
29.Rd8d1 Qc1e3
30.Kf1 e5
31.Nb6xc8 Qe3xf4
32.Ke1 Qf4xe4
33.Qc7xe7 Kg6
34.Qe7e8 Kg5
35.Qe8g8 Kh4
36.h3 g3
37.Qg8c4 Qe4xc4
38.Be2xc4 f5
39.Rd1d5 { resign }
1-0

[Event "Tourn. n9762"]
[Site "www.chess-mail.com"]
[Date "2018.03.12"]
[Round "1"]
[White "Fantomas"]
[Black "Sefj"]
[WhiteElo "2300"]
[BlackElo "2060"]
[Result "1-0"]
[Round "1"]
1.e4 d5
2.exd5 Qd8xd5
3.Nb1c3 Qd5d8
4.Ng1f3 g6
5.d4 Bf8g7
6.h3 Ng8f6
7.Bf1d3 Nf6d5
8.Nc3xd5 Qd8xd5
9.c3 Bc8f5
10.O-O Bf5xd3
11.Qd1xd3 O-O
12.Qd3c2 Nb8c6
13.Bc1e3 b5
14.a3 a5
15.Ra1d1 Nc6d8
16.Rf1e1 f5
17.Be3f4 Ra8c8
18.Re1xe7 Nd8e6
19.Bf4e5 Bg7h6
20.Rd1e1 g5
21.Be5h2 Rf8f6
22.Qc2e2 g4
23.hxg4 fxg4
24.Nf3h4 Rc8f8
25.Bh2g3 Qd5h5
26.Re7xe6 Bh6g5
27.Re6xf6 Bg5xf6
28.Qe2e6 Kh8
29.Nh4f5 Qh5g6
30.Bg3e5 Bf6xe5
31.Qe6xe5 Kg8
32.Nf5e7 { resign }
1-0

[Event "Tourn. n9742"]
[Site "www.chess-mail.com"]
[Date "2018.03.12"]
[Round "1"]
[White "Apdash"]
[Black "Mitja"]
[WhiteElo "2200"]
[BlackElo "2060"]
[Result "1-0"]
[Round "1"]
1.e4 d5
2.exd5 Qd8xd5
3.Nb1c3 Qd5d8
4.Ng1f3 c6
5.Bf1c4 e6
6.d4 h6
7.Bc1e3 Ng8f6
8.O-O b6
9.Qd1e2 Bc8b7
10.Ra1d1 Bf8e7
11.Nf3e5 Qd8c8
12.f4 a5
13.f5 Nb8d7
14.Ne5xf7 Kxf7
15.fxe6 Kf8
16.Qe2h5 Qc8e8
17.Qh5xe8 Kxe8
18.exd7 Kxd7
19.d5 cxd5
20.Nc3xd5 Nf6xd5
21.Bc4xd5 Bb7xd5
22.Rd1xd5 Kc7
23.Rf1f7 Rh8e8
24.Rf7xg7 Ra8d8
25.Rd5xd8 Kxd8
26.Be3xb6 Kc8
27.g4 Be7d8
28.Bb6xd8 Re8xd8
29.Rg7g6 Rd8d1
30.Kg2 Rd1d2
31.Kg3 Rd2xc2
32.Rg6xh6 Rc2xb2
33.g5 Rb2xa2
34.h4 Ra2b2
35.Rh6a6 Rb2b5
36.g6 Kb7
37.g7 Kxa6
38.g8Q { resign }
1-0

[Event "Tourn. n9759"]
[Site "www.chess-mail.com"]
[Date "2018.03.12"]
[Round "1"]
[White "Mitja"]
[Black "Apdash"]
[WhiteElo "2000"]
[BlackElo "2210"]
[Result "0-1"]
[Round "1"]
1.d4 d5
2.e3 Ng8f6
3.c3 e6
4.Ng1f3 c5
5.dxc5 Bf8xc5
6.Nb1d2 Nb8c6
7.Nd2b3 Bc5d6
8.Nf3d4 a6
9.Nd4xc6 bxc6
10.Bf1e2 Qd8e7
11.h3 a5
12.a4 e5
13.Nb3d2 O-O
14.b3 c5
15.Bc1b2 Bc8f5
16.g4 Bf5e6
17.c4 d4
18.Be2f3 Ra8b8
19.Ra1b1 Rf8e8
20.Bb2a1 e4
21.Bf3g2 dxe3
22.fxe3 Bd6g3
23.Ke2 Nf6xg4
24.Qd1c2 Ng4f2
{ resign }
0-1

[Event "Tourn. n9696"]
[Site "www.chess-mail.com"]
[Date "2018.03.12"]
[Round "1"]
[White "Julian"]
[Black "Dussek"]
[WhiteElo "1760"]
[BlackElo "1800"]
[Result "0-1"]
[Round "1"]
1.e4 c5
2.Ng1f3 Nb8c6
3.c3 e5
4.d4 d6
5.Bf1b5 Bc8d7
6.O-O a6
7.Bb5a4 b5
8.Ba4c2 Ng8f6
9.Rf1e1 Bf8e7
10.Bc1g5 O-O
11.Nb1d2 cxd4
12.cxd4 exd4
13.e5 dxe5
14.Nd2e4 h6
15.Ne4xf6 Be7xf6
16.Bg5xf6 Qd8xf6
17.Bc2e4 Ra8c8
18.Ra1c1 Nc6b4
19.a3 Rc8xc1
20.Qd1xc1 Rf8c8
21.Qc1d2 Nb4c6
22.Be4b1 Rc8e8
23.Bb1e4 Nc6d8
24.Be4c2 Nd8c6
25.Qd2d3 g6
26.Nf3d2 Bd7f5
27.Nd2e4 Qf6e6
28.f3 Qe6e7
29.g4 Bf5e6
30.g5 Be6c4
31.Qd3d1 hxg5
32.Qd1d2 f5
33.Ne4xg5 f4
34.h4 Qe7g7
35.Qd2g2 d3
36.b3 dxc2
37.bxc4 Nc6d4
38.cxb5 axb5
39.Qg2d2 Re8d8
40.Qd2f2 Rd8c8
41.Re1c1 Qg7a7
42.Ng5e6 Nd4e2
{ resign }
0-1

[Event "Tourn. n9682"]
[Site "www.chess-mail.com"]
[Date "2018.03.12"]
[Round "1"]
[White "Piriot"]
[Black "Szustan"]
[WhiteElo "2500"]
[BlackElo "2560"]
[Result "1-0"]
[Round "1"]
1.Ng1f3 Nb8c6
2.g3 e5
3.d3 d6
4.Bf1g2 Bf8e7
5.O-O Ng8f6
6.c4 O-O
7.Nb1c3 h6
8.d4 Nc6xd4
9.Nf3xd4 exd4
10.Qd1xd4 c6
11.e4 Qd8b6
12.Rf1d1 Bc8g4
13.Qd4xb6 axb6
14.f3 Bg4e6
15.b3 b5
16.cxb5 Be6xb3
17.Rd1e1 Bb3c4
18.Bg2f1 Bc4xf1
19.Kxf1 Nf6d7
20.Bc1f4 Ra8a3
21.Ra1c1 g5
22.Bf4e3 Nd7e5
23.Ke2 f5
24.f4 Ne5c4
25.Kd3 cxb5
26.Be3d4 Nc4a5
27.exf5 Na5c4
28.Re1xe7 { resign }
1-0

[Event "Tourn. n9678"]
[Site "www.chess-mail.com"]
[Date "2018.03.12"]
[Round "1"]
[White "Julian"]
[Black "Dussek"]
[WhiteElo "1720"]
[BlackElo "1820"]
[Result "0-1"]
[Round "1"]
1.e4 e5
2.Ng1f3 Nb8c6
3.Bf1b5 a6
4.Bb5c4 h6
5.c3 d6
6.d4 Bc8g4
7.O-O Ng8f6
8.dxe5 Nc6xe5
9.Bc4e2 Bf8e7
10.Nf3xe5 Bg4xe2
11.Ne5xf7 Be2xd1
12.Nf7xd8 Bd1g4
13.Nd8xb7 Nf6xe4
14.Bc1e3 Ra8b8
15.Nb7a5 Rb8xb2
16.Na5c4 Rb2b8
17.Nb1d2 Ne4xc3
18.f3 Bg4f5
19.Ra1e1 Nc3xa2
20.Rf1f2 Na2c3
21.Be3d4 Nc3d5
22.Bd4xg7 Rh8g8
23.Bg7xh6 Kd7
24.Rf2e2 Rb8e8
25.Nd2e4 Rg8g6
26.Bh6d2 Be7h4
27.g3 Bh4e7
28.Kf2 Be7f8
29.g4 Bf5e6
30.Ne4g3 Bf8h6
31.Bd2xh6 Rg6xh6
32.Ng3h5 Nd5c3
33.Re2c2 Be6xc4
34.Re1xe8 Kxe8
35.h4 Nc3d1
36.Kg3 d5
37.Rc2b2 Nd1xb2
38.Nh5g7 Kf7
39.Ng7f5 Rh6f6
40.h5 Nb2d3
41.h6 Nd3e5
42.f4 Ne5g6
43.h7 a5
44.Nf5h6 Kg7
45.g5 Rf6e6
46.f5 Re6e3
47.Kf2 Re3h3
48.fxg6 Rh3h2
49.Ke3 Rh2e2
50.Kd4 a4
51.Nh6f7 Re2e8
52.Nf7e5 a3
53.Ne5xc4 dxc4
54.Kxc4 a2
{ resign }
0-1

[Event "Tourn. n9766"]
[Site "www.chess-mail.com"]
[Date "2018.03.12"]
[Round "1"]
[White "Sefj"]
[Black "Fantomas"]
[WhiteElo "2080"]
[BlackElo "2230"]
[Result "0-1"]
[Round "1"]
1.d4 d5
2.c4 e6
3.Bc1d2 Ng8f6
4.e3 Bf8e7
5.c5 O-O
6.Bf1d3 b6
7.b4 c6
8.cxb6 axb6
9.Qd1c2 Bc8b7
10.Ng1f3 h6
11.O-O Nb8d7
12.a3 Be7d6
13.g3 e5
14.dxe5 Nd7xe5
15.Nf3xe5 Bd6xe5
16.Bd2c3 Qd8d6
17.f4 Be5xc3
18.Qc2xc3 Rf8e8
19.Bd3f5 g6
20.Bf5h3 Re8e7
21.Rf1d1 Ra8e8
22.Rd1e1 c5
23.bxc5 bxc5
24.Kf2 Nf6e4
{ resign }
0-1

[Event "Tourn. n9663"]
[Site "www.chess-mail.com"]
[Date "2018.03.12"]
[Round "1"]
[White "Fabos12"]
[Black "Odin"]
[WhiteElo "2010"]
[BlackElo "1880"]
[Result "0-1"]
[Round "1"]
1.d4 d5
2.Bc1f4 Ng8f6
3.Ng1f3 Nb8c6
4.h3 g6
5.e3 Bf8g7
6.a3 a5
7.Bf1d3 Nf6e4
8.Nb1d2 Ne4f6
9.Nf3e5 Nc6xe5
10.Bf4xe5 O-O
11.c3 b6
12.g4 Nf6d7
13.Be5xg7 Kxg7
14.Qd1c2 e6
15.O-O-O c5
16.f4 c4
17.Bd3e2 Bc8a6
18.h4 f6
19.Rd1g1 h6
20.h5 g5
21.Qc2g6 Kh8
22.Qg6xh6 Kg8
23.fxg5 fxg5
24.Qh6xe6 Kh8
25.Nd2f3 Nd7f6
26.Nf3e5 Qd8c7
27.Ne5g6 Kg7
28.Ng6xf8 Ra8xf8
29.h6 Kh7
30.Qe6f5 Kh8
31.Qf5xg5 { time. }
0-1

[Event "Tourn. n9722"]
[Site "www.chess-mail.com"]
[Date "2018.03.12"]
[Round "1"]
[White "Piekki"]
[Black "Fabos12"]
[WhiteElo "2160"]
[BlackElo "2010"]
[Result "1-0"]
[Round "1"]
1.e4 e6
2.d4 d5
3.Nb1c3 c5
4.exd5 exd5
5.Ng1f3 Nb8c6
6.Bc1e3 Bc8g4
7.Bf1e2 Bg4xf3
8.Be2xf3 cxd4
9.Be3xd4 Bf8b4
10.Bd4xg7 Qd8g5
11.Bg7xh8 f6
12.O-O O-O-O
13.Qd1c1 Qg5g6
{ time. }
1-0

[Event "Tourn. n9706"]
[Site "www.chess-mail.com"]
[Date "2018.03.12"]
[Round "1"]
[White "Osopanda"]
[Black "Andychesston"]
[WhiteElo "1840"]
[BlackElo "1920"]
[Result "0-1"]
[Round "1"]
1.e4 e5
2.Ng1f3 Nb8c6
3.Bf1b5 d6
4.d4 Bc8g4
5.O-O Ng8f6
6.Nb1c3 Bf8e7
7.dxe5 Bg4xf3
8.Qd1xf3 Nf6d7
9.exd6 Be7xd6
10.Bc1f4 Nc6d4
11.Bb5xd7 Qd8xd7
12.Qf3d3 Bd6xf4
13.Nc3d5 Nd4e6
14.Nd5xf4 Ne6xf4
15.Qd3xd7 Kxd7
16.Ra1d1 Ke7
17.g3 Nf4h3
18.Kg2 Nh3g5
19.f4 Ng5xe4
20.f5 Kf6
21.Rf1e1 Ne4d6
22.g4 g5
23.Kg3 h5
24.h3 h4
25.Kf3 Rh8e8
26.a3 Re8xe1
27.Rd1xe1 Ra8e8
28.Re1xe8 Nd6xe8
{ resign }
0-1

[Event "Tourn. n9698"]
[Site "www.chess-mail.com"]
[Date "2018.03.12"]
[Round "1"]
[White "Asoka"]
[Black "Aniruddhadg"]
[WhiteElo "2660"]
[BlackElo "2420"]
[Result "1/2-1/2"]
[Round "1"]
1.e4 c6
2.d4 d5
3.Nb1c3 dxe4
4.Nc3xe4 Bc8f5
5.Ne4g3 Bf5g6
6.Ng1f3 Nb8d7
7.Bf1d3 e6
8.O-O Ng8f6
9.Bd3xg6 hxg6
10.Qd1e2 Bf8d6
11.c4 Qd8c7
12.b3 O-O
13.Bc1b2 Rf8e8
14.Rf1e1 Ra8d8
15.Qe2c2 b5
16.c5 Bd6xg3
17.hxg3 a6
18.a4 Rd8b8
19.Bb2c3 Nf6d5
20.Bc3d2 Nd7f6
21.Nf3e5 Qc7b7
22.g4 Nf6d7
23.Ne5f3 Qb7c7
24.Bd2g5 Rb8b7
25.Bg5d2 e5
26.axb5 axb5
27.Re1e2 Rb7a7
28.Ra1e1 Re8a8
29.Nf3xe5 Qc7c8
30.Ne5f3 Nd7f8
31.Re2e8 Qc8xe8
32.Re1xe8 Ra8xe8
33.Nf3e5 Re8c8
34.g5 Nf8e6
35.Qc2e4 Nd5e7
36.Bd2e3 Ra7a1
37.Kh2 Ra1a6
38.g3 Rc8e8
39.Kh3 Re8c8
40.Kh2 Rc8e8
41.Kh3 Re8c8
{ draw }
1/2-1/2